000 00584nam a22002297a 4500
003 UA-OsUOA
001 96029
007 ta
008 20130314b un ||||| |||| 00| 0 ukr d
100 _aКорчак Я.
090 _a821.162.1(438)
_bК70
942 _cBK
040 _aUA-OsUOA
_bukr
_cUA-OsUOA
_dUA-OsUOA
245 _aПравила життя
300 _a317 с.
955 _a3
041 _aukr
080 _a821.162.1(438)
260 _aК.
_bМолодь
_c1989
650 7 _a82 Література. Літературознавство
_2UDC
999 _c382273
_d382273